000 01623nam a2200397Ia 4500
001 ebr10135640
003 CaPaEBR
006 m u
007 cr cn|||||||||
008 021029s2003 nyu sb 001 0 eng d
010 _z 2002191245
020 _z1403982554
020 _z0312239114
040 _aCaPaEBR
_cCaPaEBR
035 _a(OCoLC)123234287
050 1 4 _aHF1416.5
_b.W56 2003eb
082 0 4 _a658.8/48
_221
245 0 0 _aWinning in Asia, U.S. style
_h[electronic resource] :
_bmarket and nonmarket strategies for success /
_cedited by Vinod K. Aggarwal.
246 3 _aWinning in Asia, US style
260 _aNew York :
_bPalgrave Macmillan,
_c2003.
300 _axiii, 279 p.
504 _aIncludes bibliographical references and index.
533 _aElectronic reproduction.
_bPalo Alto, Calif. :
_cebrary,
_d2009.
_nAvailable via World Wide Web.
_nAccess may be limited to ebrary affiliated libraries.
650 0 _aExport marketing
_zUnited States
_xManagement.
650 0 _aExport marketing
_zAsia
_xManagement.
650 0 _aStrategic planning
_zUnited States.
650 0 _aStrategic planning
_zAsia.
650 0 _aCorporations, American
_zAsia
_vCase studies.
650 0 _aInvestments, American
_zAsia
_vCase studies.
651 0 _aUnited States
_xForeign economic relations
_zAsia.
651 0 _aAsia
_xForeign economic relations
_zUnited States.
655 7 _aElectronic books.
_2local
700 1 _aAggarwal, Vinod K.
710 2 _aebrary, Inc.
856 4 0 _uhttp://site.ebrary.com/lib/rucke/Doc?id=10135640
_zAn electronic book accessible through the World Wide Web; click to view
999 _c87556
_d87556